[Event "Vårturnerningarna"]
[Site "?"]
[Date "2015.05.17"]
[Round "7"]
[White "Eknor, Paul"]
[Black "Arnell, Staffan"]
[Result "1/2-1/2"]
[WhiteElo "1637"]
[BlackElo "1559"]
[PlyCount "38"]
[EventDate "2015.??.??"]
[WhiteClock "1:19:39"]
[BlackClock "0:59:38"]

1. e4 c5 2. Nf3 d6 3. Bb5+ Bd7 4. Bxd7+ Nxd7 5. O-O Ngf6 6. Re1 e6 7. c3 Be7 8.
d4 cxd4 9. cxd4 h6 10. Nc3 O-O 11. Bf4 a6 12. Qd2 Nh7 13. Rad1 Ng5 14. Nxg5
Bxg5 15. Bxg5 Qxg5 16. Qxg5 hxg5 17. d5 e5 18. g4 Rac8 19. Rc1 Nc5 1/2-1/2

[Event "Vårturneringarna Sanktionerad"]
[Site "Linköping"]
[Date "2015.05.14"]
[Round "1"]
[White "Ambrus, Patrick"]
[Black "Carlsson, Andreas"]
[Result "0-1"]
[WhiteElo "1310"]
[BlackElo "1548"]
[PlyCount "90"]
[EventDate "2015.05.14"]
[EventType "tourn"]
[EventRounds "7"]
[EventCountry "SWE"]
[SourceDate "2015.05.14"]

1. d4 d5 2. c4 c6 3. Nc3 Nf6 4. Nf3 dxc4 5. Bf4 Bf5 6. e3 b5 7. Be2 e6 8. a3
Nbd7 9. h3 Be7 10. Ne5 Nxe5 11. Bxe5 O-O 12. Bf3 Qb6 13. O-O Rfd8 14. b4 cxb3
15. Qxb3 Bd3 16. Rfd1 Bc4 17. Qc2 Rac8 18. Na4 Qa5 19. Nb2 c5 20. Nxc4 bxc4 21.
Bb7 cxd4 22. Bxc8 Rxc8 23. Rxd4 Qxe5 24. Rad1 c3 25. Ra4 a5 26. Rdd4 g6 27.
Rdc4 Rxc4 28. Rxc4 Bxa3 29. Rxc3 Bb4 30. Rc8+ Kg7 31. Qa4 h5 32. Ra8 Qd5 33.
Rc8 Qd2 34. Rc2 Qd1+ 35. Kh2 Ne4 36. Qa2 Bd6+ 37. f4 g5 38. Qb2+ Kh7 39. g3 h4
40. Rg2 hxg3+ 41. Rxg3 Nxg3 42. Kxg3 Qg1+ 43. Kf3 Qf1+ 44. Kg4 f5+ 45. Kxg5
Be7+ 0-1

[Event "Vårturneringarna Sanktionerad"]
[Site "Linköping"]
[Date "2015.05.14"]
[Round "1"]
[White "Garner, Mårten"]
[Black "Svensson, Håkan"]
[Result "0-1"]
[WhiteElo "1808"]
[BlackElo "2066"]
[PlyCount "64"]
[EventDate "2015.05.14"]
[EventType "tourn"]
[EventRounds "7"]
[EventCountry "SWE"]
[SourceDate "2015.05.14"]

1. d4 d5 2. c4 e6 3. Nc3 Nf6 4. cxd5 exd5 5. Bg5 Bb4 6. e3 h6 7. Bh4 g5 8. Bg3
Ne4 9. Qc2 h5 10. f3 Nxg3 11. hxg3 Qd6 12. O-O-O Be6 13. Nb5 Qxg3 14. Qxc7 Qf2
15. Qxb7 O-O 16. Ne2 Nd7 17. e4 h4 18. Kb1 Rab8 19. Qa6 dxe4 20. fxe4 Rb6 21.
Qa4 Rfb8 22. Qxb4 Rxb5 23. Qc3 Rxb2+ 24. Qxb2 Rxb2+ 25. Kxb2 Bg4 26. Rd2 Qe3
27. Rc2 Qxe4 28. Rh2 Nb6 29. g3 Na4+ 30. Kb3 Be6+ 31. Kxa4 Qxc2+ 32. Kb5 Qb1+
0-1

[Event "Vårturneringarna Sanktionerad"]
[Site "Linköping"]
[Date "2015.05.14"]
[Round "1"]
[White "Ivarsson, Simon"]
[Black "Bragesjö, Tomas"]
[Result "0-1"]
[WhiteElo "1651"]
[BlackElo "1842"]
[PlyCount "100"]
[EventDate "2015.05.14"]
[EventType "tourn"]
[EventRounds "7"]
[EventCountry "SWE"]
[SourceDate "2015.05.14"]

1. e4 c5 2. Nf3 e6 3. d4 cxd4 4. c3 Nf6 5. Bd3 Nc6 6. cxd4 d5 7. Nc3 dxe4 8.
Nxe4 Be7 9. O-O O-O 10. Be3 Nb4 11. Bb1 b6 12. a3 Nbd5 13. Qd3 Bb7 14. Ng3 g6
15. Bh6 Re8 16. h3 Rc8 17. Ba2 Qd6 18. Ne5 Bf8 19. Bd2 Bg7 20. Rac1 Qb8 21.
Rfe1 Rxc1 22. Rxc1 Rc8 23. Ne2 Rxc1+ 24. Bxc1 Qc7 25. Bd2 Nd7 26. Nf3 Qc6 27.
Nc3 Nxc3 28. Bxc3 a5 29. Bc4 Qc7 30. Bb5 Bd5 31. Nd2 Nf6 32. Bc4 Bxc4 33. Qxc4
Qxc4 34. Nxc4 Nd5 35. Ne5 Bxe5 36. dxe5 Nxc3 37. bxc3 Kf8 38. Kf1 Ke7 39. Ke2
Kd7 40. Kd3 Kc6 41. Kc4 b5+ 42. Kd4 g5 43. g3 h5 44. f4 gxf4 45. gxf4 h4 46.
Ke4 Kc5 47. Kd3 Kd5 48. c4+ bxc4+ 49. Kc3 Kc5 50. a4 Kd5 0-1

[Event "Vårturneringarna Sanktionerad"]
[Site "Linköping"]
[Date "2015.05.14"]
[Round "1"]
[White "Gasparini, Osvaldo"]
[Black "Andersson, Görgen"]
[Result "0-1"]
[WhiteElo "1148"]
[BlackElo "1827"]
[PlyCount "68"]
[EventDate "2015.05.14"]
[EventType "tourn"]
[EventRounds "7"]
[EventCountry "SWE"]
[SourceDate "2015.05.14"]

1. d4 d5 2. e3 Nc6 3. c4 e5 4. Nc3 exd4 5. exd4 Nf6 6. Bg5 dxc4 7. Bxc4 Nxd4 8.
Qa4+ Qd7 9. Rd1 Qxa4 10. Nxa4 c5 11. Nc3 Be7 12. Nge2 Nc2+ 13. Kd2 Bf5 14. Bd3
Bxd3 15. Kxd3 Nb4+ 16. Kd2 Rd8+ 17. Kc1 Nd3+ 18. Kc2 Nxf2 19. Rxd8+ Bxd8 20.
Rf1 N2g4 21. h3 h6 22. Bd2 Ne5 23. b3 O-O 24. Rd1 Be7 25. Bf4 Nc6 26. Bd6 Bxd6
27. Rxd6 Re8 28. Rd2 Ne4 29. Rd7 Nxc3 30. Nxc3 b6 31. Nb5 Re2+ 32. Kc3 Rxg2 33.
Nd6 Rg3+ 34. Kc4 Ne5+ 0-1

[Event "Vårturneringarna Sanktionerad"]
[Site "Linköping"]
[Date "2015.05.14"]
[Round "2"]
[White "Ambrus, Patrick"]
[Black "Garner, Mårten"]
[Result "0-1"]
[WhiteElo "1310"]
[BlackElo "1808"]
[PlyCount "62"]
[EventDate "2015.05.14"]
[EventType "tourn"]
[EventRounds "7"]
[EventCountry "SWE"]
[SourceDate "2015.05.14"]

1. d4 d5 2. c4 c6 3. Nc3 Nf6 4. e3 e6 5. Qc2 Bd6 6. Nf3 Nbd7 7. Bd3 dxc4 8.
Bxc4 b5 9. Bd3 Bb7 10. O-O O-O 11. Re1 a6 12. a3 c5 13. dxc5 Nxc5 14. Rd1 Qc7
15. e4 Nxd3 16. Qxd3 Rfd8 17. Qe2 Ng4 18. g3 Bc5 19. Bf4 e5 20. Be3 Nxe3 21.
fxe3 Rac8 22. Nd5 Bxd5 23. exd5 e4 24. Ng5 Qe5 25. Nh3 Rxd5 26. Rxd5 Qxd5 27.
Nf4 Qb3 28. Re1 Bb6 29. Qd2 Rd8 30. Qe2 g6 31. Kf2 Ba5 0-1

[Event "Vårturneringarna Sanktionerad"]
[Site "Linköping"]
[Date "2015.05.14"]
[Round "2"]
[White "Bragesjö, Tomas"]
[Black "Gasparini, Osvaldo"]
[Result "1-0"]
[WhiteElo "1842"]
[BlackElo "1148"]
[PlyCount "34"]
[EventDate "2015.05.14"]
[EventType "tourn"]
[EventRounds "7"]
[EventCountry "SWE"]
[SourceDate "2015.05.14"]

1. e4 e5 2. Nf3 Nc6 3. Nc3 Nf6 4. Bb5 a6 5. Bxc6 bxc6 6. Nxe5 Qe7 7. Nf3 d5 8.
e5 Ng4 9. O-O h5 10. d4 Qd8 11. Bg5 Be7 12. Bxe7 Qxe7 13. Na4 h4 14. h3 Nh6 15.
Qd2 Nf5 16. Nc5 g5 17. Rad1 Rg8 1-0

[Event "Vårturneringarna Sanktionerad"]
[Site "Linköping"]
[Date "2015.05.14"]
[Round "2"]
[White "Carlsson, Andreas"]
[Black "Andersson, Görgen"]
[Result "1/2-1/2"]
[WhiteElo "1548"]
[BlackElo "1827"]
[PlyCount "59"]
[EventDate "2015.05.14"]
[EventType "tourn"]
[EventRounds "7"]
[EventCountry "SWE"]
[SourceDate "2015.05.14"]

1. d4 d5 2. c4 e6 3. Nc3 Nf6 4. Bg5 Be7 5. Nf3 O-O 6. e3 b6 7. cxd5 Nxd5 8.
Bxe7 Qxe7 9. Nxd5 exd5 10. Qc2 c5 11. Bd3 h6 12. O-O Nc6 13. a3 Bg4 14. Be2 c4
15. b3 b5 16. bxc4 bxc4 17. h3 Bh5 18. Qf5 Bxf3 19. Bxf3 Qe6 20. Qxd5 Qxd5 21.
Bxd5 Rac8 22. Bxc4 Nxd4 23. Bxf7+ Rxf7 24. exd4 Rc2 25. f3 Rd7 26. Rfd1 Rc4 27.
Kf2 Rdxd4 28. Rxd4 Rxd4 29. Ke3 Ra4 30. f4 1/2-1/2

[Event "Vårturneringarna Sanktionerad"]
[Site "Linköping"]
[Date "2015.05.14"]
[Round "2"]
[White "Svensson, Håkan"]
[Black "Ivarsson, Simon"]
[Result "1-0"]
[WhiteElo "2066"]
[BlackElo "1651"]
[PlyCount "101"]
[EventDate "2015.05.14"]
[EventType "tourn"]
[EventRounds "7"]
[EventCountry "SWE"]
[SourceDate "2015.05.14"]

1. d4 Nf6 2. Nf3 g6 3. Nc3 d5 4. Bf4 c6 5. Qd2 Bg7 6. h3 Bf5 7. Nh4 Be6 8. g4
h6 9. Bg3 Nbd7 10. e3 Ne4 11. Nxe4 dxe4 12. c4 Nf6 13. Be2 a5 14. a4 O-O 15.
Be5 Qb6 16. c5 Qb3 17. Ra3 Qd5 18. Bxf6 Bxf6 19. Ng2 g5 20. O-O Rfd8 21. Rd1
Qd7 22. f4 exf3 23. Bxf3 Qc7 24. Qf2 Rd7 25. Be4 Rad8 26. Bb1 b6 27. cxb6 Qxb6
28. Qc2 Bg7 29. Rf1 Rb7 30. Rc3 Bd5 31. Qh7+ Kf8 32. Rc2 Rd6 33. Rcf2 Rf6 34.
Rxf6 exf6 35. Rf2 Qb3 36. Qf5 Re7 37. e4 Be6 38. Qc5 Bd7 39. Qc2 Qxh3 40. Qc3
Qxg4 41. Bc2 f5 42. e5 f4 43. Kf1 f6 44. Qxa5 fxe5 45. dxe5 Rxe5 46. Qb4+ Kg8
47. Qb3+ Qe6 48. Qd3 Kf8 49. Bb3 Qe7 50. Qh7 Bf5 51. Qg8# 1-0

[Event "Vårturneringarna Sanktionerad"]
[Site "Linköping"]
[Date "2015.05.15"]
[Round "3"]
[White "Andersson, Görgen"]
[Black "Bragesjö, Tomas"]
[Result "1/2-1/2"]
[WhiteElo "1827"]
[BlackElo "1842"]
[PlyCount "95"]
[EventDate "2015.05.14"]
[EventType "tourn"]
[EventRounds "7"]
[EventCountry "SWE"]
[SourceDate "2015.05.14"]

1. e4 c5 2. b3 Nc6 3. Bb2 e6 4. Nf3 a6 5. c4 d6 6. d4 cxd4 7. Nxd4 Nf6 8. Bd3
d5 9. Nxc6 bxc6 10. e5 Bb4+ 11. Bc3 Bxc3+ 12. Nxc3 Nd7 13. Qe2 Qa5 14. Qd2 Nxe5
15. O-O Nxd3 16. Qxd3 O-O 17. Rfe1 Bb7 18. Re3 Rad8 19. Rh3 g6 20. Re1 d4 21.
Qd2 h5 22. Ne4 Qxd2 23. Nxd2 c5 24. Rg3 Rc8 25. Re5 Kh7 26. Nf3 Bxf3 27. Rxf3
Rc6 28. Rd3 f6 29. Re4 e5 30. f4 exf4 31. Rxf4 Re8 32. Kf2 a5 33. g4 hxg4 34.
Rxg4 Rce6 35. Rd2 f5 36. Rh4+ Kg7 37. a3 Re4 38. Rh3 Re3 39. Rg3 f4 40. Rg5
R8e5 41. Rxe5 Rxe5 42. b4 axb4 43. axb4 cxb4 44. Rxd4 b3 45. Kf3 b2 46. Rd7+
Kh6 47. Rb7 Rc5 48. Rxb2 1/2-1/2

[Event "Vårturneringarna Sanktionerad"]
[Site "Linköping"]
[Date "2015.05.15"]
[Round "3"]
[White "Garner, Mårten"]
[Black "Carlsson, Andreas"]
[Result "1-0"]
[WhiteElo "1808"]
[BlackElo "1548"]
[PlyCount "91"]
[EventDate "2015.05.14"]
[EventType "tourn"]
[EventRounds "7"]
[EventCountry "SWE"]
[SourceDate "2015.05.14"]

1. d4 d5 2. c4 e6 3. Nc3 Nf6 4. cxd5 exd5 5. Bg5 Be7 6. e3 O-O 7. Bd3 Re8 8.
Nf3 Bg4 9. Qb3 Bd7 10. Bxf6 Bxf6 11. Nxd5 Bc6 12. Nxf6+ Qxf6 13. d5 Bd7 14.
Qxb7 Qb6 15. Qxb6 cxb6 16. O-O Bg4 17. Nd4 Nd7 18. Rac1 Nc5 19. Bb5 Re5 20. b4
Nb7 21. h3 Bc8 22. Rc7 Nd6 23. Rfc1 a6 24. Bc6 Rb8 25. Bd7 Bb7 26. Nc6 Bxc6 27.
dxc6 Rd5 28. Ra7 Nb5 29. c7 Nxc7 30. Raxc7 Rd8 31. Bg4 g6 32. Rc8 Kg7 33. Rxd8
Rxd8 34. Rc6 h5 35. Bf3 Rd2 36. a4 Ra2 37. a5 bxa5 38. Rxa6 Rb2 39. bxa5 Rb1+
40. Kh2 Rb2 41. Kg3 h4+ 42. Kxh4 Rxf2 43. Ra8 Rb2 44. a6 Kh6 45. Rh8+ Kg7 46.
a7 1-0

[Event "Vårturneringarna Sanktionerad"]
[Site "Linköping"]
[Date "2015.05.15"]
[Round "3"]
[White "Gasparini, Osvaldo"]
[Black "Svensson, Håkan"]
[Result "0-1"]
[WhiteElo "1148"]
[BlackElo "2066"]
[PlyCount "36"]
[EventDate "2015.05.14"]
[EventType "tourn"]
[EventRounds "7"]
[EventCountry "SWE"]
[SourceDate "2015.05.14"]

1. e4 e6 2. Nf3 c5 3. Nc3 Nc6 4. Bb5 Nge7 5. d4 cxd4 6. Nxd4 Ng6 7. Nf3 Be7 8.
Be3 Qa5 9. a3 Bf6 10. Bxc6 Bxc3+ 11. Bd2 Bxd2+ 12. Nxd2 bxc6 13. b4 Qc7 14. c4
O-O 15. Nf3 d5 16. exd5 exd5 17. c5 Ba6 18. Ng5 Rfe8+ 0-1

[Event "Vårturneringarna Sanktionerad"]
[Site "Linköping"]
[Date "2015.05.15"]
[Round "3"]
[White "Ivarsson, Simon"]
[Black "Ambrus, Patrick"]
[Result "1-0"]
[WhiteElo "1651"]
[BlackElo "1310"]
[PlyCount "75"]
[EventDate "2015.05.14"]
[EventType "tourn"]
[EventRounds "7"]
[EventCountry "SWE"]
[SourceDate "2015.05.14"]

1. e4 c6 2. d4 d5 3. exd5 cxd5 4. Bd3 Nf6 5. Ne2 Bg4 6. f3 Bh5 7. Bf4 Nc6 8.
Nd2 Qb6 9. Nb3 e6 10. c3 Be7 11. Bg3 O-O 12. Bf2 Bd6 13. O-O Qc7 14. Bg3 e5 15.
Rc1 e4 16. Bxd6 Qxd6 17. fxe4 Ng4 18. Ng3 dxe4 19. Bxe4 Rae8 20. Qd3 Bg6 21.
Bxg6 hxg6 22. Qf3 f5 23. Rce1 Rxe1 24. Rxe1 Nd8 25. h3 Nf6 26. Nc5 b6 27. Nd3
Nf7 28. Qf4 Qxf4 29. Nxf4 Ng5 30. Nxg6 Re8 31. Rxe8+ Nxe8 32. Nxf5 Kf7 33. Ne5+
Ke6 34. Ne3 Ne4 35. g4 b5 36. Kg2 N8f6 37. h4 Kd6 38. Nf5+ 1-0

[Event "Vårturneringarna Sanktionerad"]
[Site "Linköping"]
[Date "2015.05.15"]
[Round "4"]
[White "Ambrus, Patrick"]
[Black "Gasparini, Osvaldo"]
[Result "1-0"]
[WhiteElo "1310"]
[BlackElo "1148"]
[PlyCount "61"]
[EventDate "2015.05.14"]
[EventType "tourn"]
[EventRounds "7"]
[EventCountry "SWE"]
[SourceDate "2015.05.14"]

1. d4 d5 2. c4 Nf6 3. Nc3 e6 4. Bg5 h6 5. Bf4 a6 6. e3 Bb4 7. Qc2 Bxc3+ 8. Qxc3
O-O 9. c5 Nc6 10. Nf3 Ne4 11. Qa3 a5 12. Rc1 Nb4 13. Be2 Bd7 14. O-O Nc6 15.
Rfd1 Re8 16. Ne5 Nxe5 17. Bxe5 c6 18. Qb3 f6 19. Bg3 e5 20. Bh5 Re7 21. Bg6 Qc8
22. Bxe4 Be6 23. Bg6 e4 24. Bd6 Rd7 25. Rf1 Rd8 26. f3 Bh3 27. gxh3 Qxh3 28.
Bxe4 f5 29. Bxd5+ Kh7 30. Be6 Kg6 31. Qxb7 1-0

[Event "Vårturneringarna Sanktionerad"]
[Site "Linköping"]
[Date "2015.05.15"]
[Round "4"]
[White "Carlsson, Andreas"]
[Black "Bragesjö, Tomas"]
[Result "1/2-1/2"]
[WhiteElo "1548"]
[BlackElo "1842"]
[PlyCount "86"]
[EventDate "2015.05.14"]
[EventType "tourn"]
[EventRounds "7"]
[EventCountry "SWE"]
[SourceDate "2015.05.14"]

1. d4 Nf6 2. Nf3 e6 3. c4 Bb4+ 4. Bd2 c5 5. a3 Bxd2+ 6. Nbxd2 cxd4 7. Nxd4 O-O
8. g3 d5 9. cxd5 Qxd5 10. N2f3 Nc6 11. Nxc6 Qxc6 12. Bg2 Qb6 13. Qc2 Bd7 14. b4
Rac8 15. Qb2 Ba4 16. O-O Rc2 17. Qd4 Rxe2 18. Qxb6 axb6 19. Rfe1 Rxe1+ 20. Rxe1
Bc6 21. Rd1 h6 22. Ne5 Bxg2 23. Kxg2 Nd5 24. Rc1 Ra8 25. h4 f6 26. Ng6 h5 27.
Nf4 Nxf4+ 28. gxf4 Rxa3 29. Rc8+ Kh7 30. Re8 Rb3 31. Rxe6 Rxb4 32. Kg3 Kg6 33.
Re7 b5 34. Rxb7 Rb3+ 35. f3 b4 36. f5+ Kxf5 37. Rxg7 Rc3 38. Rb7 b3 39. Rb5+
Kg6 40. Kf4 Kf7 41. Kg3 Kg6 42. Kf4 Kh6 43. Rb6 Kg6 1/2-1/2

[Event "Vårturneringarna Sanktionerad"]
[Site "Linköping"]
[Date "2015.05.15"]
[Round "4"]
[White "Garner, Mårten"]
[Black "Ivarsson, Simon"]
[Result "1/2-1/2"]
[WhiteElo "1808"]
[BlackElo "1651"]
[PlyCount "86"]
[EventDate "2015.05.14"]
[EventType "tourn"]
[EventRounds "7"]
[EventCountry "SWE"]
[SourceDate "2015.05.14"]

1. d4 d6 2. c4 Bf5 3. Nc3 Nf6 4. f3 e6 5. e4 Bg6 6. Bg5 Nbd7 7. Bd3 Be7 8. Qd2
e5 9. Be3 c6 10. Nge2 exd4 11. Nxd4 Ne5 12. O-O-O Nfd7 13. Be2 Nb6 14. b3 h6
15. f4 Ned7 16. g4 Nf8 17. Nf3 f6 18. h4 Nbd7 19. g5 hxg5 20. hxg5 Rxh1 21.
Rxh1 Qa5 22. f5 O-O-O 23. fxg6 Nxg6 24. Na4 Qc7 25. Nd4 Nc5 26. Bg4+ Kb8 27.
Ne6 Nxe6 28. Bxe6 Ne5 29. Rh7 d5 30. exd5 cxd5 31. Bxd5 Ka8 32. Qd4 Nc6 33. Qf4
Bd6 34. Qe4 Nb4 35. Kb1 Nxd5 36. cxd5 fxg5 37. Qd4 Qa5 38. Bd2 Qb5 39. Nc3 Qf1+
40. Kb2 Qg2 41. Nb5 Be5 42. Qxe5 Qxd2+ 43. Kb1 Qd1+ 1/2-1/2

[Event "Vårturneringarna Sanktionerad"]
[Site "Linköping"]
[Date "2015.05.15"]
[Round "4"]
[White "Svensson, Håkan"]
[Black "Andersson, Görgen"]
[Result "1-0"]
[WhiteElo "2066"]
[BlackElo "1827"]
[PlyCount "77"]
[EventDate "2015.05.14"]
[EventType "tourn"]
[EventRounds "7"]
[EventCountry "SWE"]
[SourceDate "2015.05.14"]

1. e4 d5 2. exd5 Nf6 3. Nf3 Qxd5 4. Nc3 Qd6 5. d4 a6 6. g3 Bg4 7. Bg2 Nc6 8.
Bf4 Bxf3 9. Bxf3 Qe6+ 10. Ne2 Nd5 11. O-O Nxf4 12. Nxf4 Qd6 13. c3 O-O-O 14.
Qb3 e6 15. Nd3 Na5 16. Qa4 Nc6 17. Bxc6 Qxc6 18. Qxc6 bxc6 19. Ne5 Rd5 20. Nxf7
Rg8 21. Rfe1 Rf5 22. Ne5 c5 23. Kg2 cxd4 24. cxd4 Bb4 25. Re2 Bd6 26. Nc4 Re8
27. Rc1 Kd7 28. Rec2 Re7 29. Nxd6 cxd6 30. Rc8 d5 31. f4 g5 32. fxg5 e5 33.
R8c7+ Ke6 34. R1c6+ Kf7 35. Rf6+ Rxf6 36. Rxe7+ Kxe7 37. gxf6+ Kxf6 38. dxe5+
Kxe5 39. Kf3 1-0

[Event "Vårturneringarna Sanktionerad"]
[Site "Linköping"]
[Date "2015.05.16"]
[Round "5"]
[White "Andersson, Görgen"]
[Black "Ambrus, Patrick"]
[Result "1-0"]
[WhiteElo "1827"]
[BlackElo "1310"]
[PlyCount "39"]
[EventDate "2015.05.14"]
[EventType "tourn"]
[EventRounds "7"]
[EventCountry "SWE"]
[SourceDate "2015.05.14"]

1. e4 c6 2. Nf3 d5 3. exd5 cxd5 4. Ne5 a6 5. d4 Nc6 6. Nxc6 bxc6 7. Nd2 Bf5 8.
Nb3 e6 9. Bd3 Bg6 10. h4 Nf6 11. h5 Bxd3 12. Qxd3 h6 13. Bd2 Nd7 14. Qg3 Qc8
15. O-O-O c5 16. dxc5 Nxc5 17. Rhe1 Rb8 18. Nxc5 Qxc5 19. Qxb8+ Kd7 20. Qb7+
1-0

[Event "Vårturneringarna Sanktionerad"]
[Site "Linköping"]
[Date "2015.05.16"]
[Round "5"]
[White "Bragesjö, Tomas"]
[Black "Svensson, Håkan"]
[Result "1/2-1/2"]
[WhiteElo "1842"]
[BlackElo "2066"]
[PlyCount "99"]
[EventDate "2015.05.14"]
[EventType "tourn"]
[EventRounds "7"]
[EventCountry "SWE"]
[SourceDate "2015.05.14"]

1. e4 Nc6 2. Nf3 d6 3. d4 Nf6 4. Nc3 g6 5. h3 Bg7 6. Be3 O-O 7. Qd2 e5 8. d5
Ne7 9. Bh6 Bd7 10. Bxg7 Kxg7 11. a4 Qb8 12. Be2 c6 13. Nh2 cxd5 14. exd5 a6 15.
Ng4 Nfg8 16. Ne3 f5 17. f4 Nf6 18. fxe5 dxe5 19. O-O Qa7 20. Kh1 f4 21. Nc4 Nf5
22. Nxe5 Ng3+ 23. Kh2 Nxf1+ 24. Rxf1 g5 25. Nxd7 Nxd7 26. Ne4 Qe3 27. Qxe3 fxe3
28. Rc1 h6 29. c4 b6 30. b4 Rf4 31. Ng3 Kf8 32. c5 bxc5 33. bxc5 Rxa4 34. c6
Nb6 35. d6 Rd4 36. Rb1 Rxd6 37. Rxb6 Rc8 38. Bf3 a5 39. Ra6 a4 40. Rxa4 Rd3 41.
Ra7 Rc3 42. Rh7 R3xc6 43. Bxc6 Rxc6 44. Ra7 Rc2 45. Ra3 Kf7 46. Rxe3 Ra2 47.
Re2 Ra6 48. Ne4 Ra4 49. Kg3 Kg6 50. Kf3 1/2-1/2

[Event "Vårturneringarna Sanktionerad"]
[Site "Linköping"]
[Date "2015.05.16"]
[Round "5"]
[White "Gasparini, Osvaldo"]
[Black "Garner, Mårten"]
[Result "0-1"]
[WhiteElo "1148"]
[BlackElo "1808"]
[PlyCount "52"]
[EventDate "2015.05.14"]
[EventType "tourn"]
[EventRounds "7"]
[EventCountry "SWE"]
[SourceDate "2015.05.14"]

1. e4 e6 2. d4 d5 3. Bd3 Nf6 4. Nf3 dxe4 5. Bg5 exd3 6. Qxd3 Be7 7. O-O c5 8.
Ne5 O-O 9. Nd2 Qxd4 10. Qg3 Nh5 11. Qh4 Qxh4 12. Bxh4 Bxh4 13. Ndf3 Bf6 14. Nd3
Nc6 15. Nxc5 b6 16. Ne4 Ba6 17. Rfd1 Rfd8 18. Re1 Nd4 19. Rac1 Nxf3+ 20. gxf3
Bxb2 21. Rb1 Ba3 22. Rb3 Be7 23. Rc3 Bb4 24. Rc7 Bxe1 25. Ng5 Nf4 26. Rxf7 Nh3+
0-1

[Event "Vårturneringarna Sanktionerad"]
[Site "Linköping"]
[Date "2015.05.16"]
[Round "5"]
[White "Ivarsson, Simon"]
[Black "Carlsson, Andreas"]
[Result "0-1"]
[WhiteElo "1651"]
[BlackElo "1548"]
[PlyCount "62"]
[EventDate "2015.05.14"]
[EventType "tourn"]
[EventRounds "7"]
[EventCountry "SWE"]
[SourceDate "2015.05.14"]

1. e4 c6 2. d4 d5 3. exd5 cxd5 4. c4 Nf6 5. Nc3 e6 6. Nf3 Be7 7. Be2 O-O 8. a3
Nc6 9. c5 b6 10. b4 bxc5 11. bxc5 Ne4 12. Qc2 f5 13. O-O Bf6 14. Rd1 g5 15. Bb5
Bb7 16. Bxc6 Bxc6 17. Bb2 Qc7 18. Ne2 Rab8 19. Rab1 Bb5 20. Ng3 Rb7 21. Nd2
Rfb8 22. f3 Nxg3 23. hxg3 Qxg3 24. Nf1 Bxf1 25. Kxf1 g4 26. Bc3 Rxb1 27. Rxb1
Rxb1+ 28. Qxb1 Bh4 29. Be1 Qh2 30. fxg4 Qh1+ 31. Ke2 Qxg2+ 0-1

[Event "Vårturneringarna Sanktionerad"]
[Site "Linköping"]
[Date "2015.05.16"]
[Round "6"]
[White "Ambrus, Patrick"]
[Black "Bragesjö, Tomas"]
[Result "0-1"]
[WhiteElo "1310"]
[BlackElo "1842"]
[PlyCount "72"]
[EventDate "2015.05.14"]
[EventType "tourn"]
[EventRounds "7"]
[EventCountry "SWE"]
[SourceDate "2015.05.14"]

1. d4 Nf6 2. c4 e6 3. Nc3 Bb4 4. Qc2 Nc6 5. Nf3 d6 6. Bg5 h6 7. Bxf6 Qxf6 8. e3
O-O 9. a3 Bxc3+ 10. bxc3 e5 11. Bd3 Na5 12. Rb1 b6 13. d5 Ba6 14. Qa4 Qe7 15.
Be2 f5 16. Nd2 f4 17. e4 Bc8 18. Qd1 Bd7 19. O-O Rac8 20. Rc1 c6 21. a4 cxd5
22. cxd5 Qe8 23. Bb5 Bxb5 24. axb5 Qxb5 25. Qf3 Rc7 26. Rb1 Qd7 27. Rfc1 Rfc8
28. Rb4 Nc4 29. Nxc4 Rxc4 30. Rxc4 Rxc4 31. Ra1 a5 32. Qd3 Qc7 33. Ra3 b5 34.
g3 fxg3 35. hxg3 a4 36. Kg2 Qc5 0-1

[Event "Vårturneringarna Sanktionerad"]
[Site "Linköping"]
[Date "2015.05.16"]
[Round "6"]
[White "Carlsson, Andreas"]
[Black "Svensson, Håkan"]
[Result "0-1"]
[WhiteElo "1548"]
[BlackElo "2066"]
[PlyCount "112"]
[EventDate "2015.05.14"]
[EventType "tourn"]
[EventRounds "7"]
[EventCountry "SWE"]
[SourceDate "2015.05.14"]

1. d4 g6 2. e4 d6 3. Nf3 Bg7 4. c4 Nd7 5. Nc3 e5 6. d5 Ne7 7. Be2 O-O 8. O-O f5
9. b4 Nf6 10. Nd2 f4 11. Nb3 g5 12. f3 h5 13. c5 Ng6 14. Bd2 g4 15. Be1 Rf7 16.
a4 Bf8 17. a5 Rg7 18. cxd6 cxd6 19. Rc1 gxf3 20. Bxf3 Ng4 21. Bf2 Qg5 22. Nb5
Nh4 23. Rc7 Bd7 24. Rxb7 Bxb5 25. Rxb5 Ne3 26. Bxe3 Nxg2 27. Bxf4 exf4 28. Kh1
Ne3 29. Rg1 Nxd1 30. Rxg5 Rxg5 31. Bxd1 Rc8 32. e5 Rxe5 33. Kg2 Re1 34. Bxh5
Rc2+ 35. Kf3 Re3+ 36. Kxf4 Rxb3 37. Rb7 Rc4+ 38. Kf5 Rbxb4 39. Rxa7 Rf4+ 40.
Kg5 Ra4 41. a6 Rf2 42. h3 Ra5 43. Bg4 Rxd5+ 44. Kg6 Re5 45. Rc7 Be7 46. Rc8+
Rf8 47. Kh6 Rxc8 48. Bxc8 Ra5 49. Be6+ Kf8 50. Bc4 d5 51. Bd3 d4 52. Kg6 Ra3
53. Bb5 d3 54. a7 d2 55. Ba6 Rxa6+ 56. Kh7 d1=Q 0-1

[Event "Vårturneringarna Sanktionerad"]
[Site "Linköping"]
[Date "2015.05.16"]
[Round "6"]
[White "Garner, Mårten"]
[Black "Andersson, Görgen"]
[Result "1-0"]
[WhiteElo "1808"]
[BlackElo "1827"]
[PlyCount "131"]
[EventDate "2015.05.14"]
[EventType "tourn"]
[EventRounds "7"]
[EventCountry "SWE"]
[SourceDate "2015.05.14"]

1. d4 d5 2. c4 Bf5 3. Nc3 e6 4. cxd5 exd5 5. Nf3 Nc6 6. a3 Be7 7. Bf4 Nf6 8. e3
O-O 9. Be2 h6 10. O-O Bd6 11. Ne5 Ne7 12. b4 Ng6 13. Bg3 Re8 14. Bb5 Bxe5 15.
dxe5 Nd7 16. Bxd7 Qxd7 17. Qxd5 Qxd5 18. Nxd5 Rad8 19. Nxc7 Re7 20. Nb5 Bd3 21.
Rfd1 Nxe5 22. Bxe5 Rxe5 23. Nd4 Be4 24. Rdc1 f5 25. Rc7 f4 26. Rac1 fxe3 27.
fxe3 Kh7 28. R1c3 a6 29. h3 Rg5 30. g4 Rd6 31. Re7 Bc6 32. Nxc6 bxc6 33. Kf2 h5
34. Ra7 hxg4 35. hxg4 Rxg4 36. Rxa6 Rf6+ 37. Ke2 Rg2+ 38. Kd3 Rd6+ 39. Kc4 Re6
40. Kb3 g5 41. Raxc6 Re5 42. Rd6 Re7 43. a4 g4 44. a5 g3 45. Rd1 Rf2 46. Rh1+
Kg7 47. Rg1 g2 48. e4 Rxe4 49. Rg3+ Kf6 50. R1xg2 Rff4 51. Rg6+ Ke5 52. R2g5+
Kd4 53. a6 Re3+ 54. Ka4 Kc3 55. Rc5+ Kb2 56. Rg2+ Kb1 57. Rh5 Re1 58. Ka5 Rf7
59. b5 Rf3 60. Rh7 Rf4 61. a7 Rf8 62. Ka6 Rf6+ 63. Kb7 Rc1 64. a8=Q Rc7+ 65.
Kxc7 Rc6+ 66. Kxc6 1-0

[Event "Vårturneringarna Sanktionerad"]
[Site "Linköping"]
[Date "2015.05.16"]
[Round "6"]
[White "Ivarsson, Simon"]
[Black "Gasparini, Osvaldo"]
[Result "1-0"]
[WhiteElo "1650"]
[BlackElo "1148"]
[PlyCount "39"]
[EventDate "2015.05.14"]
[EventType "tourn"]
[EventRounds "7"]
[EventCountry "SWE"]
[SourceDate "2015.05.14"]

1. e4 c5 2. Nf3 Nc6 3. d4 d6 4. Bc4 Bg4 5. Bxf7+ Kd7 6. dxc5 Qa5+ 7. Nc3 Nf6 8.
O-O Ne5 9. Nxe5+ Kd8 10. Nxg4 Qxc5 11. Nxf6 gxf6 12. Be3 Qe5 13. f4 Qa5 14. Be6
h5 15. Qf3 Qb4 16. b3 Bg7 17. a3 Qa5 18. e5 Qc7 19. Rac1 Qa5 20. Qxb7 1-0